LEADER 00811nam a2200205 i 4500 001 000000231005 003 CaOOAMICUS 005 20140703000000.0 008 140703s1883 it u000 u ita u 013 $a209908 040 $aSeMil$bita 100 1 $aPullé, Francesco Lorenzo,$c.$0(OLS)http://semarc/name/8020 245 10$aGrammatica sanscrita /$cFrancesco Lorenzo Pullé. 260 $aTorino :$bErmanno Loescher,$c1883. 300 $a200 p. ;$c23 cm. 650 4$aLingua sanscrita - Grammatica.$0(OLS)http://semarc/subject/3170 850 $aSeMil 852 $aSeMil$W1$xVenegono$y1$m1Z V 22 FA$j181351$B181351$CSeMilBibl$Z2$F192219 $8I 996 $6245$aGrammatica sanscrita$9(OLS)http://semarc/title/329931 996 $6260$aTorino :$bErmanno Loescher$9(OLS)http://semarc/publisher/35091 LEADER 00628nam a2200181 i 4500 001 000000184055 003 CaOOAMICUS 005 20091214000000.0 008 091214s1963 it u000 u lat u 013 $a162030 040 $aSeMil$bita 245 10$aTractatus et Opuscula. 300 $aXXXIV, 532 p., [1] c. di tav. ;$c27 cm. 773 0 $tSancti Bernardi Opera.$dRomae : Editiones Cistercienses, 1957-1998.$gVol.3$w()22625 850 $aSeMil 852 $aSeMil$W1$xVenegono$y1$m2S IV 114$j134751$B134751$CSeMilBibl$Z2$F146405 $81 961 $aOmaggio: Altro 996 $6245$aTractatus et Opuscula$9(OLS)http://semarc/title/264160